00790nam a22001697a 4500003000900000008004100009040007100050082001800121100003000139245004400169260006800213300003000281505022000311650002900531650003600560650002400596AR-CdUCM190311b ||||| |||| 00| 0 spa d aMUNICIPALIDAD PROVINCIAL DEL CUSCOcBIBLIOTECA MUNICIPAL DEL CUSCO a985.04 /bO74 aOrtiz de Zevallos, Javier aEl Norte del Peru en la Independencia / aPerú :bCentro de Documentacion e Informacion Andina ,c1989. a188 páginas ;c20.5 cm. aContenido : Documentacion Historica -- Corresponbdencia anterior a la llegada de San Martin a Lima -- Correspondencia Durante la Estada de San Martin en Lima -- Cartas de Recomendacion de San Martin a Torre Tagle... aIndependencia del Perú aTestimonios de la Independencia aHistoria del Perú